| 000 | 00657nam a22002057a 4500 | ||
|---|---|---|---|
| 999 |
_c402 _d402 |
||
| 003 | AR-CdUCM | ||
| 008 | 190223b ||||| |||| 00| 0 spa d | ||
| 040 |
_aMUNICIPALIDAD PROVINCIAL DEL CUSCO _cBIBLIOTECA MUNICIPAL DEL CUSCO |
||
| 082 |
_a869.56 / _bG88 |
||
| 100 |
_aGuevara Pezo, Victor _91609 |
||
| 245 | _aDoña Elvira / | ||
| 260 |
_aLima : _bVLA&CAR , _c2009. |
||
| 300 |
_a305 páginas ; _c21 cm. |
||
| 500 | _acontiene dedicatoria del autor para la biblioteca. | ||
| 505 | _aObra Literaria -- Literatura cusqueña. | ||
| 650 |
_aLiteratura cusqueña. _9164 |
||
| 650 |
_aObras literarias. _9403 |
||
| 942 |
_2ddc _cLIBROS |
||
| 945 |
_awfj _d2019-02-23 |
||